Statistics for Major Streets of Denver Colorado

Click here to take the quiz!

General Stats

  • This quiz has been taken 9 times
  • The average score is 16 of 29

Answer Stats

DirectionCItiesHintAnswerSuffix% Correct
East / WestColorado Mills*, Lakewood, Denver, Aurora, Watkins, BennetLongest Continous Commercial StreetColfaxAve
100%
North / SouthThornton, Northglenn, Welby*, DenverUSA First PresidentWashingtonSt
100%
North / SouthLittleton, Englewood, Centennial, DenverA major street in New YorkBroadwayN/A
83%
North / SouthDenver, Glendale, Thornton, Centennial, Highlands Ranch*What state are these cities in?ColoradoBlvd
83%
North / SouthBroomfield, Northglenn, Federal Heights, Denver, Sheridan, Englewood, LittletonFBIFederalBlvd
83%
North / SouthAuroraSong made by Camila CabelloHavanaSt
83%
North / SouthLittleton, Englewood, DenverHighway 85, Capitol of New MexicoSanta FeDr
83%
North / SouthLakewood, Arvada, Wheat Ridge, Denver, Westminster, BroomfieldFirst Postmaster of ArvadaWadsworthBlvd
83%
East / WestDenverA place to have a picnicParkAve
67%
North / SouthThornton, Todd Creek*, Commerce City, Denver, Greenwood Village, Centennial, Lone Tree, Highlands Ranch*Province in CanadaQuebecSt
67%
North / SouthLittleton, Centennial, Denver, Englewood, Cherry Hills Village, Greenwood Village, Highlands Ranch*A place to get higher education after High SchoolUniversityBlvd
67%
North / SouthGreenwood Village, Centennial, Lone Tree, Denver, ThorntonNational park found in WyomingYosemiteSt
67%
East / WestThornton, Commerce City, Westminster, Broomfield, Henderson*, BrightonState Highway 128120thAve
50%
East / WestAurora, Denver, LakewoodSpanish for Poplar Tree, A city in CaliforniaAlamedaAve
50%
East / WestAurora, Greenwood Village, Englewood, Littleton, CentennialThe county Aurora is inArapahoeRd
50%
North / SouthAurora or Commerce City or ParkerCh____ of Commerce, but pluralChambersRd
50%
East / WestEnglewood, Cherry Hills Village, DenverHighway 285HampdenAve
50%
North / SouthLakewood, Wheat Ridge, ArvadaNamed after a poet, State Highway 121KiplingSt
50%
North / SouthAurora, Parker, The Pinery*State Highway 83, has shared name with a southeast townParkerRd
50%
North / SouthBow Mar, Lakewood, Edgewater, Wheat Ridge, Denver, Lakeside, Arvada, Westminster, BroomfieldState Highway 95, Named after a Civil War GeneralSheridanBlvd
50%
East / WestWestminster, Thornton, Commerce CityBecomes Church Ranch Blvd104thAve
33%
East / WestBroomfield, Westminster, ThorntonLocation of Denver Premium Outlets136thAve
33%
East / WestWheat Ridge, Lakewood, Denver, Colorado Mills*Becomes freeway West of I-256thAve
33%
East / WestAurora, DenverA Southern StateMississippiAve
33%
North / SouthCommerce City / AuroraA city in Phoenix Metro, also a significant Illinois cityPeoriaSt
33%
North / SouthDenverMain exit to Downtown Denver, Turns into 1st Ave.SpeerBlvd
33%
East / WestThornton, BroomfieldBecomes Dillon Rd144thAve
17%
East / WestBow Mar, Littleton, Englewood, Cherry Hills Village, Greenwood VillageMain Thoroughfare to the Tech CenterBelleviewAve
17%
North / SouthCommerce City, Denver, Aurora / BrightonAnother name for a skyscraperTowerRd
17%

Score Distribution

Percentile by Number Answered

Percent of People with Each Score

Your Score History

You have not taken this quiz